The state of the countryside 2020 (Record no. 72428)

MARC details
000 -LEADER
fixed length control field 01052cam a2200217 4500
001 - CONTROL NUMBER
control field WB3913-19
008 - FIXED-LENGTH DATA ELEMENTS--GENERAL INFORMATION
fixed length control field 030402n2003 000 0 eng u
035 ## - SYSTEM CONTROL NUMBER
System control number (Sirsi) u121873
245 #4 - TITLE STATEMENT
Title The state of the countryside 2020
260 ## - PUBLICATION, DISTRIBUTION, ETC.
Date of publication, distribution, etc. 2003
490 ## - SERIES STATEMENT
Series statement Countryside Agency Press Release
Volume/sequential designation 2 April 2003 (3)
520 ## - SUMMARY, ETC.
Summary, etc. The Countryside Agency has published a report outlining the possible future for the countryside, aimed at encouraging people to identify and address the right issues to achieve sustainable development. "The state of the countryside 2020" (ref CA138) is available from Countryside Agency Publications, t +44 (0)870 120 6466, f +44 (0)870 120 6467 or from http://www.countryside.gov.uk/stateofthecountryside. Countryside Agency Press Release http://www.countryside.gov.uk/News/article.asp?NewsItem=265
590 ## - LOCAL NOTE (RLIN)
Local note WB
650 ## - SUBJECT ADDED ENTRY--TOPICAL TERM
Topical term or geographic name entry element RURAL ECONOMY
650 ## - SUBJECT ADDED ENTRY--TOPICAL TERM
Topical term or geographic name entry element RURAL COMMUNITIES
650 ## - SUBJECT ADDED ENTRY--TOPICAL TERM
Topical term or geographic name entry element RURAL ISSUES
650 ## - SUBJECT ADDED ENTRY--TOPICAL TERM
Topical term or geographic name entry element SUSTAINABLE DEVELOPMENT
650 ## - SUBJECT ADDED ENTRY--TOPICAL TERM
Topical term or geographic name entry element ENVIRONMENTAL ISSUES
690 ## - LOCAL SUBJECT ADDED ENTRY--TOPICAL TERM (OCLC, RLIN)
Topical term or geographic name as entry element Rural
9 (RLIN) 6268
942 ## - ADDED ENTRY ELEMENTS (KOHA)
Suppress in OPAC 0
Holdings
Withdrawn status Lost status Source of classification or shelving scheme Damaged status Not for loan Home library Current library Shelving location Date acquired Total Checkouts Full call number Barcode Date last seen Copy number Price effective from Koha item type
    Dewey Decimal Classification     London London News article 02/04/2003   WB3913-19 121873-1001 06/08/2019 1 06/08/2019 News article